000 01199nam a2200337 4500
003 EG-GICUC
005 20260121101516.0
008 251217s1972 fr ||| fr||| 00100 fre d
040 _aEG-GiCUC
_bfre
_cEG-GiCUC
_dEG-GiCUC
_eRda
041 _afre
082 0 4 _221
_a341.84
_bCO . E
092 0 4 _221
099 _aLaw1 12 341.84 CO . E 1972
100 1 _aCouchez, Gérard
_eAuteur
245 1 0 _aEssai De Délimitation Du Domaine De La Loi Applicable Au Régime Matrimonial /
_cPar Gérard Couchez ; Préface De Henri Batiffol.
264 1 _aParis :
_bDalloz,
_c1972.
300 _avii, 294 pages ;
_c 24 cm.
336 _2rda contenu
_a texte
337 _2rda medias
_aOrdinateur
338 _2 transporteur rda
_a Ressource en ligne
490 0 _aBibliothèque de droit international privé ;
_vv. 12.
504 _aIncludes bibliographical references and index.
546 _aTexte en français
650 1 4 _aConflit de lois
_2qrmak
_vDroit international privé
650 1 4 _arégime matrimonial
651 1 _2qrmak
700 1 _aBatiffol, Henri
_ePréfacier
856 4 0 _uhttps://fll.law.cu.edu.eg/fulltext/bks/B12-01569.pdf
905 _a75
_eHassnaa
942 _2ddc
_n0
_cBK
_e21
999 _c51156
_d51156